| 000 | 01093nas a2200277 4500 | ||
|---|---|---|---|
| 001 | BR8400275 | ||
| 003 | BR-BrBNA | ||
| 005 | 20231205085744.0 | ||
| 007 | ta | ||
| 008 | 230509b bl.|||p| |||| 00| 00por d | ||
| 040 |
_aBR-BrBNA _bpor _cBiblioteca Nacional de Agricultura |
||
| 041 | _a(Pt) | ||
| 072 | _aH20 | ||
| 100 | 1 | _aMoraes, S.A. | |
| 100 | 1 | _aSalgado, C.L. | |
| 111 | 1 |
_a5. Congresso Paulista de Fitopatologia _cPiracicaba, SP (Brazil) _d1982 |
|
| 245 | 1 |
_aReacoes de seis cultivares de amendoim (Arachis hypogaea)a Cercospora arachidicola e Cercospora personata em folhas destacadas [mancha castanha] _bParte de tese |
|
| 246 | 1 |
_aReactions of six peanut cultivars (Arachis hypogaea)to Cercospora arachidicola and Cercospora personata on detached leaves [brown spot] _b[Part of thesis] |
|
| 650 | _aAMENDOIM | ||
| 650 | _aMANCHA CASTANHA | ||
| 650 | _aFOLHA | ||
| 650 | _aVARIEDADE RESISTENTE | ||
| 773 | 0 |
_tFitopatologia Brasileira (Brazil) _xISSN 0100-4158 _g(Jun 1983), v. 8(2) p. 291-303 _wBR8400275 |
|
| 909 |
_a202311 _bLúcia _c55 _dLúcia Elande |
||
| 942 |
_2AGRIS _n0 _cANA |
||
| 999 |
_c113581 _d113581 |
||